00333nam a2200133Ia 4500008004100000041000800041082001500049100001700064245002300081250001400104260004000118300003200158365000900190240624s9999 xx 000 0 und d aeng a332.67 SOL aSOLNIK BRUNO aGLOBAL INVESTMENTS a(6th ed.) c2009aBostonbPearson Prentice Hall axxiv, : 664 : p. : cm. ; 24 cb30